[Event "GER T151-B14-S email"]
[Site "GER email"]
[Date "2012.05.01"]
[Round "?"]
[White "Lauer, Roland"]
[Black "Wagner, Karsten"]
[Result "1-0"]
[WhiteElo "1719"]
[BlackElo "1850"]
[PlyCount "43"]
[EventDate "2012.05.08"]
[EventType "tourn (corr)"]
[EventRounds "6"]
[EventCountry "GER"]
[SourceTitle "Corr 2015"]
[Source "ChessBase"]
[SourceDate "2015.07.17"]
[SourceVersion "1"]
[SourceVersionDate "2015.07.17"]
[SourceQuality "1"]

1. e4 c6 2. d4 d5 3. exd5 cxd5 4. c4 Nf6 5. Nc3 e6 6. Nf3 Bb4 7. cxd5 Nxd5 8. Bd2 0-0 9. Bd3 Nc6 10. 0-0 Be7 11. Qe2 Ndb4 12. Be4 Nxd4 13. Nxd4 Qxd4 14. Be3 Qd6 15. Rfd1 Qa6 16. Qxa6 Nxa6 17. Rac1 f5 18. Bf3 e5 19. Nd5 Bd6 20. Nb6 axb6 21. Rxd6 f4 22. Bxb6 1-0

[Event "GER T152-A14-S email"]
[Site "GER email"]
[Date "2012.05.01"]
[Round "?"]
[White "Lauer, Roland"]
[Black "Wagner, Karsten"]
[Result "1-0"]
[WhiteElo "1719"]
[BlackElo "1850"]
[PlyCount "45"]
[EventDate "2012.05.08"]
[EventType "tourn (corr)"]
[EventRounds "6"]
[EventCountry "GER"]
[SourceTitle "Corr 2015"]
[Source "ChessBase"]
[SourceDate "2015.07.17"]
[SourceVersion "1"]
[SourceVersionDate "2015.07.17"]
[SourceQuality "1"]

1. Nf3 d5 2. c4 e6 3. g3 Nf6 4. Bg2 Be7 5. 0-0 0-0 6. b3 c5 7. cxd5 exd5 8. d4 Bg4 9. dxc5 Bxc5 10. Nc3 Nc6 11. Bb2 Rc8 12. Rc1 Be7 13. h3 Be6 14. Nd4 Nxd4 15. Qxd4 b6 16. Rfd1 Bc5 17. Qf4 Bd6 18. Qd2 Bb4 19. Qd3 Bxc3 20. Rxc3 Rxc3 21. Bxc3 Qd7 22. Bxf6 gxf6 23. Qd4 1-0

[Event "GER T152-A14-S email"]
[Site "GER email"]
[Date "2012.05.01"]
[Round "?"]
[White "Pibernik, Dario"]
[Black "Wagner, Karsten"]
[Result "0-1"]
[WhiteElo "1509"]
[BlackElo "1850"]
[PlyCount "72"]
[EventDate "2012.05.08"]
[EventType "tourn (corr)"]
[EventRounds "6"]
[EventCountry "GER"]
[SourceTitle "Corr 2015"]
[Source "ChessBase"]
[SourceDate "2015.07.17"]
[SourceVersion "1"]
[SourceVersionDate "2015.07.17"]
[SourceQuality "1"]

1. Nf3 d5 2. c4 e6 3. g3 Nf6 4. Bg2 Be7 5. 0-0 0-0 6. b3 c5 7. d3 Nc6 8. cxd5 exd5 9. Bb2 Bg4 10. Ne5 Nxe5 11. Bxe5 Bd6 12. Bb2 Re8 13. Bf3 Bxf3 14. exf3 Qe7 15. Nd2 Rac8 16. Rc1 d4 17. Re1 Qxe1+ 18. Qxe1 Rxe1+ 19. Rxe1 Re8 20. Rc1 Bf8 21. Ne4 Nd7 22. f4 f5 23. Nd2 g5 24. Ba3 gxf4 25. Kg2 fxg3 26. hxg3 Re2 27. Rd1 Bh6 28. Bc1 Be3 29. Nf1 Bxc1 30. Rxc1 Rxa2 31. Rb1 Ne5 32. b4 Nxd3 33. bxc5 Rxf2+ 34. Kg1 Rb2 35. Rd1 Ne5 36. Nd2 Rxd2 0-1

[Event "GER T152-A14-S email"]
[Site "GER email"]
[Date "2012.05.01"]
[Round "?"]
[White "Wagner, Karsten"]
[Black "Lauer, Roland"]
[Result "0-1"]
[WhiteElo "1850"]
[BlackElo "1719"]
[PlyCount "58"]
[EventDate "2012.05.08"]
[EventType "tourn (corr)"]
[EventRounds "6"]
[EventCountry "GER"]
[SourceTitle "Corr 2015"]
[Source "ChessBase"]
[SourceDate "2015.07.17"]
[SourceVersion "1"]
[SourceVersionDate "2015.07.17"]
[SourceQuality "1"]

1. Nf3 d5 2. c4 e6 3. g3 Nf6 4. Bg2 Be7 5. 0-0 0-0 6. b3 a5 7. d4 a4 8. Ba3 Bxa3 9. Nxa3 Qe7 10. Nb5 c6 11. Nc3 axb3 12. axb3 Rxa1 13. Qxa1 Qb4 14. Qb2 dxc4 15. Rb1 cxb3 16. Qxb3 Qxb3 17. Rxb3 Rd8 18. e3 Nd5 19. Nxd5 exd5 20. Ra3 Nd7 21. h4 Nb6 22. Ne5 f6 23. Nd3 Re8 24. Nc5 Nc4 25. Ra8 Kf7 26. Ra7 Re7 27. Kh2 g5 28. Bh3 g4 29. Bf1 b6 0-1

[Event "GER T150-E12-S email"]
[Site "GER email"]
[Date "2012.03.12"]
[Round "?"]
[White "Thoma, Eberhard"]
[Black "Wagner, Karsten"]
[Result "0-1"]
[WhiteElo "1857"]
[BlackElo "1850"]
[PlyCount "22"]
[EventDate "2012.03.21"]
[EventType "tourn (corr)"]
[EventRounds "8"]
[EventCountry "GER"]
[SourceTitle "Corr 2015"]
[Source "ChessBase"]
[SourceDate "2015.07.17"]
[SourceVersion "1"]
[SourceVersionDate "2015.07.17"]
[SourceQuality "1"]

1. d4 Nf6 2. c4 e6 3. Nf3 b6 4. a3 Bb7 5. Nc3 Ne4 6. Nxe4 Bxe4 7. e3 Be7 8. Bd3 d5 9. cxd5 Qxd5 10. Qa4+ Nd7 11. 0-0 Bxd3 0-1

[Event "GER HS-120 email"]
[Site "GER email"]
[Date "2012.03.12"]
[Round "?"]
[White "Wagner, Karsten"]
[Black "Claus, Andreas"]
[Result "0-1"]
[WhiteElo "1833"]
[BlackElo "1912"]
[PlyCount "85"]
[EventDate "2012.03.20"]
[EventType "tourn (corr)"]
[EventRounds "6"]
[EventCountry "GER"]
[SourceTitle "Corr 2015"]
[Source "ChessBase"]
[SourceDate "2015.07.17"]
[SourceVersion "1"]
[SourceVersionDate "2015.07.17"]
[SourceQuality "1"]

1. e4 c5 2. c3 Nf6 3. e5 Nd5 4. d4 cxd4 5. cxd4 d6 6. Bc4 Nb6 7. Bb5+ Bd7 8. e6 fxe6 9. Bd3 Bc6 10. Nf3 g6 11. 0-0 Bxf3 12. Qxf3 Nc6 13. Be3 Bg7 14. Nc3 Qd7 15. Rad1 0-0-0 16. Bb5 Kb8 17. a4 Rdf8 18. Qg4 Qc8 19. Bxc6 bxc6 20. Qe2 Rf5 21. Rc1 Qd7 22. b4 Rc8 23. a5 Nd5 24. Nxd5 Rxd5 25. Rc4 Kc7 26. Qf3 Bf6 27. Rfc1 Kd8 28. a6 Ke8 29. Qh3 Rh5 30. Qf3 Rb5 31. Qh3 h5 32. Bd2 d5 33. R4c2 e5 34. Qg3 Qf5 35. dxe5 Bxe5 36. Qe3 Rb6 37. Re1 Bd6 38. Rc3 Kd7 39. Qh6 d4 40. Rf3 Qc2 41. Rc1 Qb2 42. Rd3 c5 43. bxc5 0-1

[Event "GER T150-E12-S email"]
[Site "GER email"]
[Date "2012.03.12"]
[Round "?"]
[White "Wagner, Karsten"]
[Black "Kaupat, Thomas"]
[Result "1-0"]
[WhiteElo "1850"]
[BlackElo "1407"]
[PlyCount "25"]
[EventDate "2012.03.21"]
[EventType "tourn (corr)"]
[EventRounds "8"]
[EventCountry "GER"]
[SourceTitle "Corr 2015"]
[Source "ChessBase"]
[SourceDate "2015.07.17"]
[SourceVersion "1"]
[SourceVersionDate "2015.07.17"]
[SourceQuality "1"]

1. d4 Nf6 2. c4 e6 3. Nf3 b6 4. a3 Bb7 5. Nc3 Ne4 6. Qc2 Nxc3 7. Qxc3 Be7 8. g3 0-0 9. Bg2 d5 10. cxd5 exd5 11. 0-0 Nc6 12. b4 a6 13. Bf4 1-0

[Event "GER HS-120 email"]
[Site "GER email"]
[Date "2012.03.12"]
[Round "?"]
[White "Wagner, Karsten"]
[Black "Mauer, Karl Heinz"]
[Result "1-0"]
[WhiteElo "1833"]
[BlackElo "1887"]
[PlyCount "43"]
[EventDate "2012.03.20"]
[EventType "tourn (corr)"]
[EventRounds "6"]
[EventCountry "GER"]
[SourceTitle "Corr 2015"]
[Source "ChessBase"]
[SourceDate "2015.07.17"]
[SourceVersion "1"]
[SourceVersionDate "2015.07.17"]
[SourceQuality "1"]

1. e4 c5 2. c3 Nf6 3. e5 Nd5 4. d4 cxd4 5. cxd4 d6 6. Bc4 Nb6 7. Bb5+ Bd7 8. e6 fxe6 9. Bd3 g6 10. Nf3 Nd5 11. Ng5 Qa5+ 12. Bd2 Qb6 13. Nc3 Nc6 14. 0-0 Bg7 15. Rc1 Qxd4 16. Nxd5 Qxd5 17. Bc4 Qf5 18. Qb3 Nd8 19. Rce1 Rc8 20. Nxe6 Nxe6 21. Bxe6 Bxe6 22. Rxe6 1-0

[Event "GER T145-B06-S email"]
[Site "GER email"]
[Date "2012.02.21"]
[Round "?"]
[White "Neumann, Peter"]
[Black "Wagner, Karsten"]
[Result "1-0"]
[WhiteElo "1719"]
[BlackElo "1850"]
[PlyCount "37"]
[EventDate "2012.02.28"]
[EventType "tourn (corr)"]
[EventRounds "6"]
[EventCountry "GER"]
[SourceTitle "Corr 2015"]
[Source "ChessBase"]
[SourceDate "2015.07.17"]
[SourceVersion "1"]
[SourceVersionDate "2015.07.17"]
[SourceQuality "1"]

1. e4 g6 2. d4 Bg7 3. Nc3 d6 4. f4 Nf6 5. Nf3 0-0 6. Bd3 c5 7. dxc5 dxc5 8. e5 Nd5 9. Nxd5 Qxd5 10. Qe2 Qc6 11. 0-0 Qc7 12. Be3 b6 13. Rad1 Nc6 14. Be4 Bb7 15. e6 fxe6 16. Ng5 Nd8 17. Bd3 Bh6 18. Bd2 Qd6 19. Bc3 1-0

[Event "GER T145-B06-S email"]
[Site "GER email"]
[Date "2012.02.21"]
[Round "?"]
[White "Wagner, Karsten"]
[Black "Hempel, Reinhard"]
[Result "1/2-1/2"]
[WhiteElo "1850"]
[BlackElo "1912"]
[PlyCount "45"]
[EventDate "2012.02.28"]
[EventType "tourn (corr)"]
[EventRounds "6"]
[EventCountry "GER"]
[SourceTitle "Corr 2015"]
[Source "ChessBase"]
[SourceDate "2015.07.17"]
[SourceVersion "1"]
[SourceVersionDate "2015.07.17"]
[SourceQuality "1"]

1. e4 g6 2. d4 Bg7 3. c4 b6 4. Nc3 Bb7 5. f4 e6 6. Nf3 Ne7 7. Be2 0-0 8. 0-0 d6 9. Be3 Nd7 10. Qd2 Nf6 11. Ng5 h6 12. e5 hxg5 13. exf6 Bxf6 14. fxg5 Bg7 15. Rae1 Nf5 16. Bf2 c5 17. d5 Rb8 18. Bf3 Be5 19. Be4 a6 20. Bd3 Re8 21. a3 Rc8 22. Bxf5 exf5 23. Bg3 1/2-1/2

[Event "GER T145-B06-S email"]
[Site "GER email"]
[Date "2012.02.21"]
[Round "?"]
[White "Wilke, Marc"]
[Black "Wagner, Karsten"]
[Result "1-0"]
[WhiteElo "1568"]
[BlackElo "1850"]
[PlyCount "55"]
[EventDate "2012.02.28"]
[EventType "tourn (corr)"]
[EventRounds "6"]
[EventCountry "GER"]
[SourceTitle "Corr 2015"]
[Source "ChessBase"]
[SourceDate "2015.07.17"]
[SourceVersion "1"]
[SourceVersionDate "2015.07.17"]
[SourceQuality "1"]

1. e4 g6 2. d4 Bg7 3. c3 d6 4. f4 Nf6 5. e5 dxe5 6. fxe5 Nd5 7. Nf3 Bf5 8. Bd3 Bxd3 9. Qxd3 Nc6 10. Na3 0-0 11. 0-0 Qd7 12. Qe2 e6 13. Bg5 Rae8 14. Nd2 h6 15. Bh4 g5 16. Bg3 Nce7 17. Nac4 Nf5 18. Ne4 Qc6 19. a3 b6 20. Rf2 Qa4 21. Rb1 Qd7 22. Qd3 Rd8 23. b3 Qc6 24. Re1 a6 25. Rc1 b5 26. Na5 Qb6 27. b4 Nxg3 28. hxg3 1-0